INSIDE APPLE HOW AMERICA S MOST ADMIRED (Record no. 28288)

MARC details
000 -LEADER
fixed length control field 00352nam a2200133Ia 4500
008 - FIXED-LENGTH DATA ELEMENTS--GENERAL INFORMATION
fixed length control field 240624s9999 xx 000 0 und d
041 ## - LANGUAGE CODE
Language code of text/sound track or separate title eng
082 ## - DEWEY DECIMAL CLASSIFICATION NUMBER
Classification number 338.7 LAS
100 ## - MAIN ENTRY--PERSONAL NAME
Personal name LASHINSKY ADAM
245 ## - TITLE STATEMENT
Title INSIDE APPLE HOW AMERICA S MOST ADMIRED
260 ## - PUBLICATION, DISTRIBUTION, ETC.
Date of publication, distribution, etc. 2012
Place of publication, distribution, etc. New York
Name of publisher, distributor, etc. Business Plus
300 ## - PHYSICAL DESCRIPTION
Extent viii, : 239 : p. : cm. ; 22
365 ## - TRADE PRICE
Currency code
Price amount 38
Holdings
Withdrawn status Lost status Damaged status Not for loan Home library Current library Shelving location Date acquired Source of acquisition Cost, normal purchase price Full call number Barcode Date last seen Copy number Price effective from Koha item type
        IMTN IMTN Rack 10-B 12/19/2016 BKI 17.00 338.7 LAS 28288 06/24/2024 71.3 06/24/2024 Books
Designed & Maintained by: LRC IMT Nagpur Contact: lrc@imtnag.ac.in© 2024. All Rights Reserved.